000
003120000a22001450004500
003
MACL
040
_a
MACL
090
_c
32868
_d
32866
100
_a
Cesari, Cecile
245
_a
Mastering Psychological Tests
260
_b
Infinity Books
_c
2001
350
_a
95
650
_a
psychology
942
_c
BOOK
_k
150/Ces
999
_c
32531
_d
32531